00699nam a2200229Ia 4500003000900000008004100009040001300050040001300063041000800076100002000084245005500104250001200159260001200171260000900183300001100192300001000203490002700213490000800240942000700248999001700255952019700272IT-RoPAU120407s9999 xx 000 0 und d aIT-RoPAU cIT-RoPAU aita aGerhard Ebeling aIntroduzione allo studio del linguaggio teologico. aBrescia aPaideia c1981 a235 p. c21 cm aBib. cultura religiosa v140 cBK c29797d29797 00102ddc406208_12400000000000071aPAULUSbPAULUSd2012-04-11l0o208.1240r2012-04-11 00:00:00w2012-04-11yBKzInserito da: Jole In data: 22 luglio 2011 fondo: Via A.Severo 56 Progr:15777